| 000 | 00582nam a2200217 a 4500 | ||
|---|---|---|---|
| 005 | 20210219160148.0 | ||
| 008 | 080919s2000 mx r 000 0 spa d | ||
| 020 | _a9682905397 | ||
| 035 | _aUPN01000159797 | ||
| 049 | _aUNE | ||
| 080 | _a314.727 (72) ARI. | ||
| 100 | 1 | _aArizpe, Lourdes. | |
| 245 | 1 | 0 | _aCampesinado y migración/ por Lourdes Arizpe. |
| 260 | _aMéxico : Secretaría de Educación Pública, 1985. | ||
| 300 | _a153 p.; 21 cm. fot. | ||
| 440 | 0 | _aForo 2000 | |
| 690 | _aMigrantes | ||
| 690 | _aMigración rural | ||
| 690 | _aMéxico | ||
| 905 | _aUNESCO | ||
| 999 |
_c131911 _d131911 |
||